Španielsky jazyk morfológia

Salvato in:
Dettagli Bibliografici
Autore principale: Spišiaková, Mária, 1973-
Ente Autore: Ekonomická univerzita v Bratislave. Fakulta aplikovaných jazykov
Altri autori: Sánchez Presa, Mónica, Medveczká, Mária
Natura: Libro
Lingua:spagnolo
Pubblicazione: Bratislava Vydavateľstvo EKONÓM 2013
Edizione:1. vyd.
Soggetti:
Tags: Aggiungi Tag
Nessun Tag, puoi essere il primo ad aggiungerne!!

MARC

LEADER 00000nam a2200000 4500
001 0182581
005 20240502073126.1
020 |a 978-80-225-3729-2 
041 0 |a spa 
044 |a SK 
245 1 0 |a Španielsky jazyk  |b morfológia  |c Mária Spišiaková ; recenzenti: Mónica Sánchez Presa, Mária Medveczká 
250 |a 1. vyd. 
264 1 |a Bratislava  |b Vydavateľstvo EKONÓM  |c 2013 
300 |a 134 s. [6,32 AH] 
610 2 0 |a jazyky cudzie 
610 2 0 |a jazykoveda 
610 2 0 |a terminológia 
100 1 |a Spišiaková, Mária, 1973- 
700 1 |a Sánchez Presa, Mónica 
700 1 |a Medveczká, Mária 
710 2 |a Ekonomická univerzita v Bratislave. Fakulta aplikovaných jazykov